000 01948nam a22004697a 4500
003 AR-RoUNA
005 20250917111244.0
008 250915b |||||||| |||| 00| 0 spa d
020 _a978-987-1074-43-3
040 _aAR-RoUNA
_bspa
_dAR-RoUNA
041 _aspa
044 _aag
245 1 0 _aLecturas sobre pensadores sociales contemporaneos /
_bSusana Barbosa...[et.al.]. ; compilado por Marta Fernandez
250 _a1a. ed.
260 _aBuenos Aires :
_bDel Signo,
_c2006
300 _a155 p.
_c23x16 cm
505 0 _tINDICE
505 0 _aMarta Fernández / Introducción. p. 7
505 0 _aMercedes Kerz / Paul Ricoeur (1913-2005). Entre la Historia, El tiempo y la narración. p. 11
505 0 _aMaria Cristina Menéndez / Cornelius Castoriadis (1922-1996). El Filósofo de la imaginación social. p. 33
505 0 _aMaria Fernández / Zygmunt Bauman (1925). Diagnóstico sociológico de nuestro tiempo. p. 59
505 0 _aSusana Barbosa / Jean Baudrillard (1929). La dislocación del sentido. p. 85
505 0 _aCarlos H. Cerdá / Gianni Vattimo (1936). Perspectiva hermenéutica vattimiana como propuesta de salvación posmoderna. p.107
505 0 _aCarlos Egaña / Gilles Lipovetsky (1944). Las raíces de la forma. p.129
600 0 _aBaudrillard, Jean,
_d1929-2007.
_918063
600 1 0 _915105
_aVattimo, Gianni,
_d 1936-2023
600 1 0 _aLipovetsky, Gilles,
_d$d 1944-
_927438
650 4 _aSociologos
_xBiografia
650 4 _aSociologia
_xFilosofia
650 4 _aSociologia
_xHistoria
651 4 _aPensamiento contemporaneo
_927422
700 1 _aFernandez, Marta
_927425
_ecom
700 1 _aCerda, Carlos
_927423
700 1 _aEgaña, Carlos
_927424
700 1 _aKerz, Mercedes
_927426
700 1 _aMenendez, Cristina
_927427
908 _aImp
930 _e12235
942 _2udc
_cLIB
945 _d2025-09-15
_aMIA
980 _61
_aMaricel Allasia
_85
_gMaría Machado
999 _c12114
_d12114